Countries invaded by the United States - Statistics

General Stats
  • This quiz has been taken 159 times
  • The average score is 16 of 23
Answer Stats
Hint Answer % Correct
1812-1813 British Empire
97%
1944-1945 Germany
95%
2001 Afghanistan
94%
1991/2003 Iraq
94%
1942-1945 Japan
94%
1846/1916 Mexico
90%
1961 Cuba
87%
1942-1944 France
87%
1943-1945 Italy
84%
1898 Spain
83%
1918-1920 Russia
74%
1900 China
73%
1970-1971 North Vietnam
70%
1898 Philippines
69%
1950-1951 North Korea
66%
1989 Panama
62%
1983 Grenada
58%
1915/1994 Haiti
54%
1861-1865 Confederate States
52%
1871 Korea
50%
1965 Dominican Republic
41%
1893 Hawaii
31%
1805 Ottoman Empire
27%
No matching quizzes found
Score Distribution
Percent of People with Each Score
Percentile by Number Answered
Your Score History
You have not taken this quiz